Možnosti domáceho "dovolenkového internetu" na Slovensku

Požiadavka - mať k dispozícii internetové pripojenie mimo Bratislavy v letnom období v objekte bez trvalého internetového pripojenia s možnosťou používať aj notebook. Prehľad o službách mobilných operátorov na Slovensku, ktoré spĺňajú tieto očakávania a ich vzájomné porovnanie tak z hľadiska ceny, a...

Descrizione completa

Salvato in:
Dettagli Bibliografici
Autore principale: Pólya, Attila
Natura: Capitolo di libro
Lingua:slovacco
Soggetti:
Tags: Aggiungi Tag
Nessun Tag, puoi essere il primo ad aggiungerne!!

MARC

LEADER 00000nla a2200000 4500
001 0206016
005 20240502073429.6
041 0 |a slo 
044 |a SK 
245 1 0 |a Možnosti domáceho "dovolenkového internetu" na Slovensku  |c Attila Pólya 
520 |a Požiadavka - mať k dispozícii internetové pripojenie mimo Bratislavy v letnom období v objekte bez trvalého internetového pripojenia s možnosťou používať aj notebook. Prehľad o službách mobilných operátorov na Slovensku, ktoré spĺňajú tieto očakávania a ich vzájomné porovnanie tak z hľadiska ceny, ako aj kvality poskytovanej služby. 
610 2 0 |a operátori 
610 2 0 |a telefón mobilný 
610 2 0 |a využitie počítačov 
610 2 0 |a internet 
610 2 0 |a Slovensko 
100 1 |a Pólya, Attila